| 000 | 00816cab a2200253 4500 | ||
|---|---|---|---|
| 001 | WB3234-11 | ||
| 008 | 090401t1996 xxu||||| |||| 00| 0 eng d | ||
| 035 | _a(Sirsi) u54816 | ||
| 041 | _aeng | ||
| 245 | _aPre-let trend for regional offices | ||
| 260 | _c1996 | ||
| 350 | _a0 | ||
| 490 |
_aProperty Week _v(56)9 6 September 1996, 2(1) |
||
| 520 | _aRegional office occupiers are increasingly pre-letting new schemes, says a report by St Quintin. | ||
| 650 | _aOFFICE DEVELOPMENT | ||
| 650 | _aPROPERTY-COMMERCIAL PROPERTY-OFFICE PROPERTY-OFFICE PROPERTY MARKET | ||
| 650 | _aPRE-LETS | ||
| 650 | _aPROVINCIAL CENTRES | ||
| 650 | _aREGIONAL CENTRES | ||
| 650 | _aST QUINTIN | ||
| 690 | _aPROPERTY-COMMERCIAL PROPERTY-COMMERCIAL PROPERTY FINANCE AND INVESTMENT | ||
| 942 | _n0 | ||
| 948 | _c04/03/1997 | ||
| 999 |
_c33593 _d33593 |
||